Statistics for 13 Colonies Quiz

Click here to take the quiz!

General Stats

  • This quiz has been taken 38,518 times
    (38,514 since last reset)
  • The average score is 11 of 13

Answer Stats

Colony % Correct
New York
97%
Virginia
93%
Rhode Island
87%
Delaware
87%
North Carolina
87%
South Carolina
86%
Pennsylvania
86%
New Jersey
86%
Massachusetts
85%
Maryland
83%
Connecticut
83%
New Hampshire
82%
Georgia
81%

Score Distribution

Percentile by Number Answered

Percent of People with Each Score

Your Score History

You have not taken this quiz since the last reset